Statistics for African Countries by Former Name

Click here to take the quiz!

General Stats

  • This quiz has been taken 136 times
  • The average score is 14 of 20

Answer Stats

Old NameCurrent Name% Correct
ZaireD.R. Congo
95%
SwazilandEswatini
94%
AbyssiniaEthiopia
93%
Southern RhodesiaZimbabwe
91%
Northern RhodesiaZambia
88%
Gold CoastGhana
87%
Upper VoltaBurkina Faso
79%
British East AfricaKenya
79%
Malagasy RepublicMadagascar
74%
South West AfricaNamibia
72%
German East AfricaTanzania
70%
French SomalilandDjibouti
68%
Portuguese GuineaGuinea-Bissau
68%
NyasalandMalawi
64%
BechuanalandBotswana
58%
DahomeyBenin
53%
French SudanMali
49%
BasutolandLesotho
41%
Ubangi-ShariCentral African Republic
23%
Pepper CoastLiberia
21%

Score Distribution

Percentile by Number Answered

Percent of People with Each Score

Your Score History

You have not taken this quiz